[Event "Innsbruck op"]
[Site "Innsbruck"]
[Date "2024.08.27"]
[Round "5"]
[White "Kruckenhauser, Arthur"]
[Black "Monninger, Moritz Franz"]
[Result "1-0"]
[WhiteElo "2340"]
[BlackElo "2126"]
[PlyCount "79"]
[EventDate "2024.08.24"]
[EventType "swiss"]
[EventRounds "9"]
[EventCountry "AUT"]
[SourceTitle "CB36_2024"]
[SourceDate "2024.09.04"]
[SourceVersion "1"]
[SourceVersionDate "2024.09.04"]
[SourceQuality "1"]

1. e4 c5 2. Nf3 d6 3. d4 cxd4 4. Qxd4 Nf6 5. Nc3 Nc6 6. Qd3 g6 7. Nd5 Bg7 8. c3 0-0 9. Bg5 h6 10. Bxf6 exf6 11. Be2 f5 12. exf5 Bxf5 13. Qd2 Be4 14. 0-0 Re8 15. Rfe1 Ne5 16. Nxe5 Rxe5 17. Ne3 Qh4 18. g3 Qe7 19. Bf1 h5 20. Bg2 Bh6 21. f4 Bxg2 22. fxe5 Bc6 23. Qxd6 Qg5 24. Qf6 Rd8 25. Qxg5 Bxg5 26. Kf2 Re8 27. Nc2 h4 28. Nd4 hxg3+ 29. hxg3 Bd5 30. b3 b6 31. c4 Ba8 32. Rad1 Kg7 33. Nf3 Be7 34. g4 Bb4 35. Re2 Rh8 36. Rd7 Rh3 37. Rxf7+ Kg8 38. Kg2 Kxf7 39. Kxh3 Bxf3 40. Rf2 1-0

[Event "Tirol Landesliga 2223"]
[Site "Austria"]
[Date "2023.02.12"]
[Round "6.3"]
[White "Moroder, Stefan"]
[Black "Monninger, Moritz Franz"]
[Result "1/2-1/2"]
[WhiteElo "2292"]
[BlackElo "2107"]
[PlyCount "77"]
[EventDate "2022.10.01"]
[EventType "team-tourn"]
[EventRounds "9"]
[EventCountry "AUT"]
[SourceTitle "EXT 2024"]
[Source "ChessBase"]
[SourceDate "2023.10.10"]
[SourceVersion "1"]
[SourceVersionDate "2023.10.10"]
[SourceQuality "1"]
[WhiteTeam "Rochade Rum"]
[BlackTeam "Kufstein/Woergl"]
[WhiteTeamCountry "AUT"]
[BlackTeamCountry "AUT"]

1. c4 e6 2. Nf3 d5 3. e3 Nf6 4. Nc3 Be7 5. d4 0-0 6. Bd3 dxc4 7. Bxc4 a6 8. 0-0 b5 9. Bd3 Bb7 10. Qe2 Nbd7 11. Rd1 Rc8 12. e4 c5 13. dxc5 Nxc5 14. Bxb5 Qb6 15. Bd3 Nxd3 16. Rxd3 Bb4 17. Be3 Qa5 18. Bd4 Rfe8 19. a3 e5 20. Nxe5 Bxc3 21. Bxc3 Rxc3 22. Rxc3 Qxe5 23. f3 Nd5 24. Rb3 Nf4 25. Qd2 Bc6 26. Kh1 h5 27. Qc3 Qxc3 28. Rxc3 Bb5 29. a4 Bd7 30. g3 Ng6 31. b3 h4 32. Kg2 h3+ 33. Kf2 Rb8 34. Rd1 Be6 35. f4 Rxb3 36. Rd8+ Kh7 37. Rxb3 Bxb3 38. a5 Bc4 39. Rd6 1/2-1/2

[Event "Tirol Landesliga 2223"]
[Site "Austria"]
[Date "2023.02.11"]
[Round "5.3"]
[White "Monninger, Moritz Franz"]
[Black "Wohlfahrt, Herbert J"]
[Result "0-1"]
[WhiteElo "2107"]
[BlackElo "2322"]
[PlyCount "48"]
[EventDate "2022.10.01"]
[EventType "team-tourn"]
[EventRounds "9"]
[EventCountry "AUT"]
[SourceTitle "EXT 2024"]
[Source "ChessBase"]
[SourceDate "2023.10.10"]
[SourceVersion "1"]
[SourceVersionDate "2023.10.10"]
[SourceQuality "1"]
[WhiteTeam "Kufstein/Woergl"]
[BlackTeam "Schach ohne Grenzen"]
[WhiteTeamCountry "AUT"]
[BlackTeamCountry "AUT"]

1. d4 e6 2. e4 d5 3. Nc3 Nf6 4. Bg5 dxe4 5. Nxe4 Be7 6. Bxf6 gxf6 7. Bd3 f5 8. Ng3 c5 9. d5 Qxd5 10. Nxf5 Qxg2 11. Ng3 Qd5 12. Qe2 Nc6 13. Be4 Qd6 14. Bxc6+ Qxc6 15. 0-0-0 Bd7 16. Nf3 f6 17. Nh5 0-0-0 18. Nf4 Bf8 19. Kb1 Bh6 20. Nh5 e5 21. Ng3 Be6 22. Nh4 Qa4 23. c4 Bxc4 24. Qg4+ Kb8 0-1

[Event "Mittelfranken Landesliga Nord 2223"]
[Site "Mittelfranken"]
[Date "2023.01.15"]
[Round "5.4"]
[White "Braun, Michael1111"]
[Black "Monninger, Moritz Franz"]
[Result "1-0"]
[WhiteElo "2088"]
[BlackElo "2190"]
[PlyCount "75"]
[EventDate "2022.10.09"]
[EventType "team-tourn"]
[EventRounds "9"]
[EventCountry "GER"]
[SourceTitle "EXT 2024"]
[Source "ChessBase"]
[SourceDate "2023.10.10"]
[SourceVersion "1"]
[SourceVersionDate "2023.10.10"]
[SourceQuality "1"]
[WhiteTeam "Nuernberg NT II"]
[BlackTeam "Herzogenaurach"]
[WhiteTeamCountry "GER"]
[BlackTeamCountry "GER"]

1. d4 d5 2. c4 e6 3. g3 Nf6 4. Bg2 dxc4 5. Nf3 Bd7 6. Ne5 Bc6 7. Nxc6 Nxc6 8. Qa4 Qd7 9. Qxc4 Nxd4 10. 0-0 c5 11. Nc3 Rd8 12. Bg5 Be7 13. Rfd1 Qc8 14. Qa4+ Nc6 15. Rxd8+ Bxd8 16. Rc1 0-0 17. Bxc6 Qxc6 18. Qxc6 bxc6 19. Na4 Bb6 20. Bxf6 gxf6 21. Nxc5 Bxc5 22. Rxc5 Rd8 23. Rc2 Kf8 24. Kg2 f5 25. Kf3 Rb8 26. b3 Rb6 27. Ke3 Ke7 28. Kd3 e5 29. Rc4 e4+ 30. Kc3 Kd6 31. Ra4 Rb7 32. Ra5 Ke6 33. Rc5 Rb6 34. a4 h5 35. a5 Ra6 36. b4 Kf6 37. Kd4 Ke6 38. Ke3 1-0

[Event "Bamberg op 4th"]
[Site "Bamberg"]
[Date "2022.07.29"]
[Round "4"]
[White "Schulze, Lara"]
[Black "Monninger, Moritz Franz"]
[Result "1-0"]
[WhiteElo "2292"]
[BlackElo "2071"]
[PlyCount "77"]
[EventDate "2022.07.27"]
[EventType "swiss"]
[EventRounds "9"]
[EventCountry "GER"]
[SourceTitle "EXT 2023"]
[Source "ChessBase"]
[SourceDate "2022.10.05"]
[SourceVersion "1"]
[SourceVersionDate "2022.10.05"]
[SourceQuality "1"]

1. e4 d5 2. exd5 Qxd5 3. Nc3 Qa5 4. d4 Nf6 5. Nf3 Bf5 6. Bd2 e6 7. Nb5 Qb6 8. a4 a5 9. c3 Be7 10. Ne5 c6 11. Na3 h6 12. Nac4 Qd8 13. Qb3 Ra7 14. Be2 0-0 15. 0-0 Nbd7 16. Bf3 Nd5 17. Rfe1 Qc7 18. Nxd7 Qxd7 19. Nxa5 Rxa5 20. c4 Raa8 21. cxd5 exd5 22. Rxe7 Qxe7 23. Bb4 Qc7 24. Bxf8 Rxf8 25. Qc3 Qd6 26. Re1 Rc8 27. b4 b6 28. Rc1 Qf6 29. h3 c5 30. bxc5 bxc5 31. dxc5 d4 32. Qd2 d3 33. a5 Rb8 34. c6 Rb2 35. Qe3 Rc2 36. a6 Qb2 37. Rd1 Qa2 38. a7 Kh7 39. c7 1-0

[Event "DSOL 01 Liga Gr-A 1st"]
[Site "Playchess.com INT"]
[Date "2020.07.17"]
[Round "4.2"]
[White "Wessendorf, Thomas"]
[Black "Monninger, Moritz Franz"]
[Result "1/2-1/2"]
[WhiteElo "2250"]
[BlackElo "2090"]
[PlyCount "173"]
[EventDate "2020.06.22"]
[EventType "team-tourn (rapid)"]
[EventCountry "GER"]
[SourceTitle "EXT 2021"]
[Source "ChessBase"]
[SourceDate "2020.10.23"]
[SourceVersion "1"]
[SourceVersionDate "2020.10.23"]
[SourceQuality "1"]
[WhiteTeam "Essen Katernberg"]
[BlackTeam "Herzogenaurach"]
[WhiteTeamCountry "GER"]
[BlackTeamCountry "GER"]

1. e4 e6 2. d4 d5 3. Nd2 dxe4 4. Nxe4 Bd7 5. Bd3 Bc6 6. Nf3 Nd7 7. 0-0 Ngf6 8. Ned2 Be7 9. b3 0-0 10. Bb2 b6 11. c4 Bb7 12. Qe2 c5 13. Rad1 Qc7 14. Rfe1 Rad8 15. Bb1 Rfe8 16. Ne5 cxd4 17. Bxd4 Nxe5 18. Bxe5 Qc6 19. Nf3 Ng4 20. Qc2 g6 21. Bg3 Bf6 22. h3 Nh6 23. Qc1 Nf5 24. Be4 Qc8 25. Be5 Bxe5 26. Nxe5 Rxd1 27. Qxd1 Bxe4 28. Rxe4 Rd8 29. Qa1 h5 30. Nf3 Rd3 31. Qf6 Rd1+ 32. Kh2 Qc7+ 33. g3 Qd8 34. Qe5 Qd6 35. Qf6 Qd8 36. Qxd8+ Rxd8 37. g4 Ng7 38. Kg3 Kf8 39. Rd4 Rxd4 40. Nxd4 Ke8 41. Nb5 a5 42. Nd6+ Kd7 43. Nxf7 Kc6 44. Ne5+ Kc5 45. Kf4 Kb4 46. Nd7 b5 47. c5 Ne8 48. Ke5 Ka3 49. c6 Kxa2 50. Nc5 Ka3 51. Kxe6 Kb4 52. Na6+ Kxb3 53. Ke7 a4 54. Kxe8 a3 55. c7 a2 56. c8Q a1Q 57. Qe6+ Ka3 58. Qd6+ Kb3 59. Nc5+ Kc4 60. Ne6 Qa8+ 61. Kf7 Qf3+ 62. Qf4+ Qxf4+ 63. Nxf4 hxg4 64. hxg4 g5 65. Ne2 b4 66. Kf6 b3 67. Ng3 b2 68. Ne4 Kd3 69. Nxg5 b1Q 70. f4 Qb6+ 71. Ne6 Ke4 72. f5 Qb2+ 73. Kg6 Ke5 74. Ng5 Qb6+ 75. Ne6 Qc6 76. Kg5 Qd6 77. Kg6 Qe7 78. g5 Qe8+ 79. Kh6 Qf7 80. Ng7 Qg8 81. Kg6 Kd5 82. f6 Ke5 83. f7 Qf8 84. Nf5 Ke6 85. Nh6 Ke7 86. Nf5+ Ke6 87. Nh6 1/2-1/2

[Event "GER-ch Net blitz qual2"]
[Site "Playchess.com INT"]
[Date "2020.03.16"]
[Round "2"]
[White "Monninger, Moritz Franz"]
[Black "King, Alexander"]
[Result "1-0"]
[WhiteElo "2022"]
[BlackElo "2053"]
[PlyCount "55"]
[EventDate "2020.03.16"]
[EventType "swiss (blitz)"]
[EventRounds "9"]
[EventCountry "GER"]
[SourceTitle "CBM 195 Extra"]
[Source "ChessBase"]
[SourceDate "2020.05.31"]
[SourceVersion "1"]
[SourceVersionDate "2020.05.31"]
[SourceQuality "1"]

1. d4 Nf6 2. Bg5 Ne4 3. Bf4 d5 4. e3 e6 5. Bd3 Nd6 6. Nf3 Be7 7. Nbd2 Nd7 8. Ne5 Nf6 9. c3 0-0 10. Qe2 Nfe4 11. f3 Nxd2 12. Qxd2 c5 13. dxc5 Ne8 14. b4 Nf6 15. 0-0 h6 16. Rfd1 Nh5 17. Bg3 Nxg3 18. hxg3 Qc7 19. f4 Bf6 20. Nf3 Bd7 21. Rac1 Rfc8 22. c4 dxc4 23. Bxc4 Ba4 24. Bb3 Bxb3 25. axb3 Rd8 26. Qe2 Rac8 27. e4 Bc3 28. Rxc3 1-0

[Event "Oberliga Bayern 1819"]
[Site "Bayern"]
[Date "2019.03.24"]
[Round "8.6"]
[White "Monninger, Moritz Franz"]
[Black "Goldbeck, Lars"]
[Result "0-1"]
[WhiteElo "2096"]
[BlackElo "2184"]
[PlyCount "140"]
[EventDate "2018.10.21"]
[EventType "team-tourn"]
[EventRounds "9"]
[EventCountry "GER"]
[SourceTitle "EXT 2020"]
[Source "ChessBase"]
[SourceDate "2019.10.17"]
[SourceVersion "1"]
[SourceVersionDate "2019.10.17"]
[SourceQuality "1"]
[WhiteTeam "Herzogenaurach"]
[BlackTeam "Regensburg Bavaria"]
[WhiteTeamCountry "GER"]
[BlackTeamCountry "GER"]

1. d4 d5 2. Nf3 Nf6 3. e3 e6 4. Bd3 c5 5. dxc5 Bxc5 6. a3 0-0 7. b4 Be7 8. Bb2 a5 9. b5 Nbd7 10. Nbd2 Nc5 11. Be2 b6 12. 0-0 Bb7 13. c4 Rc8 14. Rc1 Re8 15. Ne5 Bd6 16. cxd5 Nxd5 17. Rc4 Qe7 18. Ndf3 f6 19. Nc6 Qc7 20. Rh4 Ne7 21. Nfd4 Nxc6 22. Nxc6 Bxc6 23. bxc6 Qxc6 24. Qb1 f5 25. Bd4 Qc7 26. Rc1 Qe7 27. g3 Nd7 28. Bc4 Nf8 29. Qxb6 Bxa3 30. Rc2 Bb4 31. Qb5 Qd7 32. Qa6 Qc6 33. Qxc6 Rxc6 34. Bb5 Rxc2 35. Bxe8 Be7 36. Rh5 Rc8 37. Ba4 Rc4 38. Bb3 Rb4 39. Ba2 g6 40. Rh3 a4 41. f3 a3 42. g4 f4 43. Be5 Bc5 44. Kf2 Bxe3+ 45. Ke2 Bd4 46. Bxf4 Rb2+ 47. Kd3 Rxa2 48. Kxd4 Re2 49. Rg3 a2 50. Rg1 Nd7 51. Ra1 e5+ 52. Kd3 Rf2 53. Be3 Rxh2 54. Ke4 Kf7 55. g5 Rh4+ 56. Kd5 Ra4 57. Kd6 Ke8 58. Bc1 Ra6+ 59. Kd5 Ke7 60. Bb2 Ra5+ 61. Kc4 Kd6 62. Kb4 Ra7 63. Ba3 Ke6 64. Rxa2 Kf5 65. Rh2 Nf8 66. Bc1 Ne6 67. Rg2 Nd4 68. Rf2 Ne6 69. Rg2 Nf4 70. Rg4 Nd3+ 0-1